000 01005nam a2200265 a 4500
001 000017906
005 20200929165256.0
008 100407s1996 dr ac 001 0dspa d
020 _a848954820X
040 _aDO-SdBNP
_bspa
_cBNPHU
082 _a923.9
_bC719d
100 1 _aDobal, Carlos
_926322
245 1 0 _a¿Donde están los huesos del almirante? /
_cCarlos Dobal ; presentación Carmen Pérez de Cabral.
260 _aSantiago de los Caballeros, República Dominicana :
_bPontificia Universidad Católica Madre y Maestra,
_c1996.
300 _a132 p. :
_bil., retrs. ;
_c22 cm.
490 1 _aEstudios
_v174
504 _aIncluye bibliografía y notas al final de capítulos.
600 1 4 _aCOLÓN, CRISTÓBAL,
_d1451-1506
_xTUMBA
_924584
650 4 _aExploradores
_zAmérica
_xBiografías
_924585
651 4 _aRepública Dominicana
_xHistoria
_9170
700 1 _aPérez Cabral, Carmen de
_938851
830 0 _aEstudios
_n174
_938852
910 _aValidado. Control de calidad EMS
049 _aBNPD
999 _c17430
_d17430